Iowa's original 21 counties - Statistics

General Stats
  • This quiz has been taken 4 times
  • The average score is 7 of 21
Answer Stats
Answer % Correct
Des Moines
75%
Dubuque
75%
Johnson
75%
Clinton
50%
Jackson
50%
Lee
50%
Muscatine
50%
Scott
50%
Buchanan
25%
Henry
25%
Jones
25%
Keokuk
25%
Linn
25%
Louisa
25%
Van Buren
25%
Benton
0%
Ceder
0%
Clayton
0%
Cook
0%
Delaware
0%
Fayette
0%
No matching quizzes found
Score Distribution
Percent of People with Each Score
Percentile by Number Answered
Your Score History
You have not taken this quiz